000 00448cam a22001934a 4500
005 20250605164255.0
008 250528s ||||||||||||||||||||||||d
035 _a21920
020 _a9780201419726
040 _aGR-AtMCL
_bgre
_dGR-AtMCL
_eAACR2
245 1 _aA PROGRAMMER'S GUIDE TO SOUND
250 _a1
260 _bAmacom,
_c1998
300 _a446
700 1 _aKientzle Tim
_97803
942 _cBK
999 _c6977
_d6977